Factors of 300 - Statistics

General Stats
  • This quiz has been taken 92 times
  • The average score is 17 of 18
Answer Stats
Answer % Correct
1
100%
2
100%
3
100%
10
98%
15
98%
20
98%
30
98%
6
98%
25
96%
4
96%
5
96%
60
96%
12
94%
100
92%
50
92%
75
92%
300
90%
150
88%
No matching quizzes found
Score Distribution
Percent of People with Each Score
Percentile by Number Answered
Your Score History
You have not taken this quiz